000
00304nam a2200121Ia 4500
008
191201s1998 xx 000 0 und d
100
_a
GUPTA,B.R.
245
0
_a
Generation of Electrical Energy
260
_a
N. delhi
_b
S Chand and Co. Ltd.
_c
1998
300
_a
396
650
_a
B.Tech(ECE)
942
_2
ddc
_c
BK
999
_c
408
_d
408